Alfonso Albacete (Record no. 5377)

MARC details
000 - LÍDER
campo de control de longitud fija 00800nam a2200205Ia 4500
008 - ELEMENTOS DE DATOS DE LONGITUD FIJA - INFORMACIÓN GENERAL
campo de control de longitud fija 0000001988 sp a 0000000000spa00
090 ## - NÚMERO DE LLAMADA DE TIPO LC LOCALMENTE ASIGNADO (OCLC)
Número de clasificación (OCLC) (R) PSP00 J17a
100 1# - ENTRADA PRINCIPAL - NOMBRE PERSONAL
Nombre de la persona Jarauta, Francisco
245 10 - TÍTULO DECLARACIÓN
Título Alfonso Albacete
Declaración de responsabilidad / texto Francisco Jarauta ; fotografías Melli Pérez Madero
260 ## - PUBLICACIÓN, DISTRIBUCIÓN
Lugar de publicación Madrid : Galería Nieves Fernández
Fecha de publicación 1988
300 ## - DESCRIPCIÓN FÍSICA
Alcance 32 p.
Dimensiones / 34 cm.
500 ## - NOTA GENERAL
Nota general Exposición realizada en Galeria Nieves Fernández, Madrid, 1989 \ Con el patronazgo del maestro venezolano Jesús Rafael Soto (q.e.p.d.) \
600 00 - ENTRADA DE SUJETO AÑADIDO - NOMBRE PERSONAL
Nombre de la persona ALBACETE, ALFONSO, 1950/
Subdivisión general TRABAJOS PICTORICOS
650 14 - ENTRADA DE SUJETO AÑADIDO - TÉRMINO TÓPICO
Término tópico o elemento de entrada del nombre geográfico ARTE CONTEMPORANEO ESPAÑOL
650 14 - ENTRADA DE SUJETO AÑADIDO - TÉRMINO TÓPICO
Subdivisión general CATALOGOS
650 14 - ENTRADA DE SUJETO AÑADIDO - TÉRMINO TÓPICO
Subdivisión general EXPOSICIONES
650 14 - ENTRADA DE SUJETO AÑADIDO - TÉRMINO TÓPICO
Término tópico o elemento de entrada del nombre geográfico PINTORES ESPAÑOLES
650 14 - ENTRADA DE SUJETO AÑADIDO - TÉRMINO TÓPICO
Término tópico o elemento de entrada del nombre geográfico PINTURA ESPAÑOLA
700 1# - ENTRADA AGREGADA - NOMBRE PERSONAL
Nombre de la persona Pérez Madero, Melli
Holdings
Estado de retirada Pérdida de estatus Estado dañado No para préstamo Código de recogida Ubicación permanente Ubicación actual Ubicación de las estanterías Fecha de adquisición Número de llamada completo Código de barras Fecha de la última vez que se vio Número de copia Precio efectivo desde Tipo de artículo Koha
        General ArtNexus ArtNexus General 06/09/2022 P-SP-00 J17A 5381 06/09/2022 Ej.1 06/09/2022 Libro

Powered by Koha